Engineering Properties of Weak Soils at Foundations of Buildings / (Record no. 3986)
[ view plain ]
| 000 -LEADER | |
|---|---|
| fixed length control field | 01052nac a22002411u 4500 |
| 008 - FIXED-LENGTH DATA ELEMENTS--GENERAL INFORMATION | |
| fixed length control field | 100907t xxu||||| |||| 00| 0 eng d |
| 010 ## - LIBRARY OF CONGRESS CONTROL NUMBER | |
| LC control number | 99226516 |
| 020 ## - INTERNATIONAL STANDARD BOOK NUMBER | |
| International Standard Book Number | 9054102365 |
| 035 ## - SYSTEM CONTROL NUMBER | |
| System control number | (DLC)251779 |
| 082 00 - DEWEY DECIMAL CLASSIFICATION NUMBER | |
| Classification number | 624.15136 |
| Item number | SOR |
| 100 ## - MAIN ENTRY--PERSONAL NAME | |
| Personal name | Sorokina, G. V. |
| 9 (RLIN) | 18468 |
| 245 10 - TITLE STATEMENT | |
| Title | Engineering Properties of Weak Soils at Foundations of Buildings / |
| Statement of responsibility, etc | G.V. Sorokina. |
| 260 ## - PUBLICATION, DISTRIBUTION, ETC. (IMPRINT) | |
| Place of publication, distribution, etc | Rotterdam ; |
| -- | Brookfield, VT : |
| Name of publisher, distributor, etc | A.A. Balkema,1995 |
| Date of publication, distribution, etc | 1995. |
| 300 ## - PHYSICAL DESCRIPTION | |
| Extent | viii, 214 p. : |
| Other physical details | ill. ; |
| Dimensions | 25 cm. |
| 490 1# - Series Statement | |
| Series statement | Geotechnika |
| Volume/sequential designation | 12 |
| -- | 18469 |
| 500 ## - GENERAL NOTE | |
| General note | Translation of: Stroitel'nie svoistva slabikh gruntov v osnovanii sooruzhenii. |
| 504 ## - BIBLIOGRAPHY, ETC. NOTE | |
| Bibliography, etc | Includes bibliographical references (p. [211]-214). |
| 650 #0 - SUBJECT ADDED ENTRY--TOPICAL TERM | |
| Topical term or geographic name as entry element | Soil mechanics |
| General subdivision | Mathematical models. |
| 9 (RLIN) | 18470 |
| 650 #0 - SUBJECT ADDED ENTRY--TOPICAL TERM | |
| Topical term or geographic name as entry element | Foundations |
| General subdivision | Mathematical models. |
| 9 (RLIN) | 18471 |
| 830 #0 - SERIES ADDED ENTRY--UNIFORM TITLE | |
| Uniform title | Geotechnika (Rotterdam, Netherlands) ; |
| 9 (RLIN) | 18472 |
| 942 ## - ADDED ENTRY ELEMENTS (KOHA) | |
| Item type | Book - Borrowing |
| Call number prefix | 624.15136SOR |
| Source of classification or shelving scheme | Dewey Decimal Classification |
| Withdrawn status | Item status | Damaged status | Not for loan | Home library | Current library | Shelving location | Date acquired | Source of acquisition | Total Checkouts | Full call number | Barcode | Date last seen | Koha item type |
|---|---|---|---|---|---|---|---|---|---|---|---|---|---|
| Central Library | Central Library | First floor | 07/08/2014 | Purchase | 624.15136 SOR | 000005056 | 15/07/2025 | Book - Borrowing |